| 000 | 00503nam a22001817a 4500 | ||
|---|---|---|---|
| 005 | 20200517151657.0 | ||
| 008 | 200517b xxu||||| |||| 00| 0 eng d | ||
| 020 | _a9788123911502 | ||
| 041 | _aeng | ||
| 082 | _a615.1 GHO | ||
| 100 |
_aGHOSH BIJAYA _95379 |
||
| 245 | _aLaboratory manual for Pharmaceutical Technology and Bio pharmaceutics experiments | ||
| 250 | _a1'st | ||
| 260 |
_aNew Delhi _bCBS Publishers and distributors _c2019 |
||
| 300 | _a147.v | ||
| 650 |
_aPharmacy _95430 |
||
| 942 | _cBK | ||
| 999 |
_c6231 _d6229 |
||